Statistics for European Managers who won titles in the 2022-23 season

Click here to take the quiz!

General Stats

  • This quiz has been taken 11 times
    (5 since last reset)
  • The average score is 11 of 22

Answer Stats

LeagueManager% Correct
Copa del ReyCarlo Ancelotti
100%
UCL Super CupCarlo Ancelotti
100%
Premier LeaguePep Guardiola
100%
FA CupPep Guardiola
100%
UCLPep Guardiola
100%
LaLigaXavi
100%
Conference LeagueDavid Moyes
75%
Coppa ItaliaSimone Inzaghi
75%
Ligue 1Christophe Galtier
50%
BundesligaJulian Nagelsmann
50%
Liga PortugalRoger Schmidt
50%
Taça de PortugalSérgio Conceição
50%
EredivisieArne Slot
25%
Europa LeagueJose Luis Mendilibar
25%
DFB PokalMarco Rose
25%
KNVB CupRuud van Nistelrooy
25%
Coupe de FranceAntoine Kombouaré
0%
ÖFB CupChristian Ilzer
0%
Belgian Pro LeagueMark van Bommel
0%
Croky CupMark van Bommel
0%
BundesligaMatthias Lürzer
0%
Serie AWalter Mazzarri
0%

Score Distribution

Percentile by Number Answered

Percent of People with Each Score

Your Score History

You have not taken this quiz since the last reset